Normal view MARC view

Entry Personal Name

Number of records used in: 1

001 - CONTROL NUMBER

  • control field: 9787

003 - CONTROL NUMBER IDENTIFIER

  • control field: DLC

005 - DATE AND TIME OF LATEST TRANSACTION

  • control field: 20231028120959.0

008 - FIXED-LENGTH DATA ELEMENTS

  • fixed length control field: 981218n| azannaabn |a aaa

010 ## - LIBRARY OF CONGRESS CONTROL NUMBER

  • LC control number: no 98131915

035 ## - SYSTEM CONTROL NUMBER

  • System control number: (OCoLC)oca04884039

040 ## - CATALOGING SOURCE

  • Original cataloging agency: DLC-ON
  • Language of cataloging: eng
  • Description conventions: rda
  • Transcribing agency: DLC-ON
  • Modifying agency: DLC

046 ## - SPECIAL CODED DATES

  • Birth date: 1967
  • Source of date scheme: edtf

053 #0 - LC CLASSIFICATION NUMBER

  • Classification number element--single number or beginning number of span: PL4718.9.C2274

100 1# - HEADING--PERSONAL NAME

  • Personal name: Candrika, Si. Es.,
  • Dates associated with a name: 1967-

370 ## - ASSOCIATED PLACE

  • Place of birth: Peringottukara (India)

372 ## - FIELD OF ACTIVITY

  • Field of activity: Literature
  • Field of activity: Feminism
  • Field of activity: Women's studies
  • Source of term: lcsh

374 ## - OCCUPATION

  • Occupation: Feminists
  • Source of term: lcdgt

374 ## - OCCUPATION

  • Occupation: Authors
  • Source of term: lcsh

375 ## - GENDER

  • Gender: Females
  • Source of term: lcdgt

377 ## - ASSOCIATED LANGUAGE

  • Language code: mal

400 1# - SEE FROM TRACING--PERSONAL NAME

  • Personal name: Chandrika, C. S.,
  • Dates associated with a name: 1967-

670 ## - SOURCE DATA FOUND

  • Source citation: Kēraḷattile str̲ī munnēt̲t̲aṅṅaḷuṭe caritr̲aṃ, 1998:
  • Information found: t.p. (Si. Es. Candrika) p. facing t.p. (C.S. Chandrika) p. 4 of cover (b. 1967; grad. in Malayalam lit. from Calicut U.)

670 ## - SOURCE DATA FOUND

  • Source citation: Pr̲aṇayakāmasūtr̲aṃ, October 2018:
  • Information found: t.p. (Si.Es. Candrika) p. facing t.p. (born in Peringottukara, Trichur District, Kerala, India; Ph. D. in fine arts from University of Calicut; Malayalam author, feminist, and Women's studies researcher)

Powered by Koha